NBA Champions seit 2000 - Statistiken

Allgemein
  • Dieses Quiz wurde 2.760 mal gespielt
    1.128 seit der letzten Aktualisierung
  • Das Durchschnittsergebnis liegt bei 24 aus 26
Antwortstatistiken
Jahr Team % Korrekt
2000 Los Angeles Lakers
99%
2001 Los Angeles Lakers
99%
2002 Los Angeles Lakers
99%
2009 Los Angeles Lakers
99%
2010 Los Angeles Lakers
99%
2020 Los Angeles Lakers
99%
2015 Golden State Warriors
97%
2017 Golden State Warriors
97%
2018 Golden State Warriors
97%
2022 Golden State Warriors
97%
2008 Boston Celtics
96%
2024 Boston Celtics
96%
2006 Miami Heat
94%
2012 Miami Heat
94%
2013 Miami Heat
94%
2025 Oklahoma City Thunder
93%
2023 Denver Nuggets
91%
2011 Dallas Mavericks
90%
2021 Milwaukee Bucks
89%
2003 San Antonio Spurs
88%
2005 San Antonio Spurs
88%
2007 San Antonio Spurs
88%
2014 San Antonio Spurs
88%
2016 Cleveland Cavaliers
87%
2019 Toronto Raptors
84%
2004 Detroit Pistons
72%
Keine übereinstimmenden Quizze gefunden
Verteilung der Resultate
Anzahl Personen mit jedem Resultat
Perzentil nach korrekt beantworteten Fragen
Ihre Resultats-Entwicklung
Sie haben dieses Quiz seit der letzten Aktualisierung nicht gespielt